| 000 | 01020cam a22002411i 4500 | ||
|---|---|---|---|
| 003 | OSt | ||
| 005 | 20250126075035.0 | ||
| 008 | 250125q19001999le g 00010 ara c | ||
| 040 |
_aSA-MaUQU _bara _cSA-RiAUC _erda |
||
| 082 | 0 | 4 |
_a260 _qSA-RiAUC |
| 090 |
_a260 _bع ب د |
||
| 100 | 1 |
_aعبد القادر الجيلاني، عبد القادر بن موسى بن عبد الله، _d471-561 هجري _eمؤلف. |
|
| 245 | 1 | 2 |
_aالفتح الرباني والفيض الرحماني / _cسيدي عبد القادر الجيلاني ؛ خرج أحاديثة محمد سالم البواب. |
| 264 | 1 |
_aبيروت : _bدار الألباب، _c[بين 1900 و1999] |
|
| 300 |
_a367 صفحة ؛ _c24 سم |
||
| 336 |
_aنص _btxt _2rdacontent _3كتاب |
||
| 337 |
_aبدون وسيط _bn _2rdamedia |
||
| 338 |
_aمجلد _bnc _2rdacarrier |
||
| 650 | 7 |
_aالتصوف الإسلامي _2aucsh |
|
| 700 | 1 |
_aالبواب، محمد سالم _eمعلق. |
|
| 942 |
_2ddc _cBOOK _n0 |
||
| 949 |
_aSA-JeALM _d250125 _uosman123 _n1 |
||
| 999 |
_c5253 _d5253 |
||